Estudio socioeconómico de Andalucia (Registro nro. 5764)
[ vista simple ]
| 000 -LEADER | |
|---|---|
| fixed length control field | 02274 a2200277 4500 |
| 001 - CONTROL NUMBER | |
| control field | 54742 |
| 005 - DATE AND TIME OF LATEST TRANSACTION | |
| control field | 20260407155823.0 |
| 008 - FIXED-LENGTH DATA ELEMENTS--GENERAL INFORMATION | |
| fixed length control field | 260407a1970 arg spa d |
| 003 - CONTROL NUMBER IDENTIFIER | |
| control field | AR-UNSa-BCEJYS |
| 040 ## - CATALOGING SOURCE | |
| Original cataloging agency | AR-UNSa-BCEJYS |
| Language of cataloging | spa |
| Transcribing agency | AR-UNSa-BCEJYS |
| 080 ## - UNIVERSAL DECIMAL CLASSIFICATION NUMBER | |
| Universal Decimal Classification number | 338 |
| Common auxiliary subdivision | Situación económica. Política económica. Gestión de la economía. Planificación de la economía. Producción. Servicios. Precios |
| 041 ## - LANGUAGE CODE | |
| Language code of text/sound track or separate title | spa |
| 100 1# - MAIN ENTRY--PERSONAL NAME | |
| Personal name | Murillo, Francisco |
| 245 10 - TITLE STATEMENT | |
| Title | Estudio socioeconómico de Andalucia |
| 264 #1 - PRODUCTION, PUBLICATION, DISTRIBUTION, MANUFACTURE, AND COPYRIGHT NOTICE | |
| Place of production, publication, distribution, manufacture | Madrid : |
| Name of producer, publisher, distributor, manufacturer | Instituto de Desarrollo Económico |
| Date of production, publication, distribution, manufacture, or copyright notice | 1970 |
| 300 ## - PHYSICAL DESCRIPTION | |
| Extent | 3 v. |
| Dimensions | 21 cm. |
| 505 ## - FORMATTED CONTENTS NOTE | |
| Formatted contents note | TOMO I: 1. Introducción – 2. Aspectos básicos de la situación socioeconómica de Andalucía en el quinquenio 196-1965 – 3. Precisiones metodológicas – 4. Análisis variables básicas – 5. Los medios rural y urbano – 6. Clases sociales subjetivas – 7. Clases sociales objetivas – 8. Distribución de la renta – 9. La emigración en origen – 10. La mentalidad tradicional - - TOMO II: 1. Observaciones generales: obstáculos a la investigación sociedad en Andalucía – 2. Población y migraciones – 3. La población como factor de la oferta de trabajo – 4. Desempleo – 5. Vivienda – 6. Sanidad – 7. Educación – 8. Ingresos y hábitos de consumo y ahorro - - TOMO III: Primera Parte: EL SECTOR AGRARIO: 1. Introducción – 2. La agricultura andaluza y el desarrollo socioeconómico – 3. Condiciones naturales y técnicas para la producción agrícola – 4. Estructura social y rural y régimen de tendencia de la tierra – 5. Problemas económicos de las explotaciones y de la comercialización agrícola – 6. Estructura de los organismos – 7. Relaciones entre industrias y agricultura – 8. Problemas de los municipios rurales – 9. Perspectivas para el futuro – 10. Educación e investigación - - Segunda Parte: FACTORES GEOGRAFICOSEN EL DESARROLLO DE ANDALUCIA: 1. Los factores naturales – 2. Regiones geográficas – 3. E hombre y la economía. |
| 590 ## - LOCAL NOTE (RLIN) | |
| Local note | niveau_biblio:m niveau_hierar:0 |
| 700 1# - ADDED ENTRY--PERSONAL NAME | |
| Personal name | Varela, Gregorio |
| 700 1# - ADDED ENTRY--PERSONAL NAME | |
| Personal name | JIménez Blanco, José |
| 700 1# - ADDED ENTRY--PERSONAL NAME | |
| Personal name | Garcia Barbancho, Alfonso |
| 700 1# - ADDED ENTRY--PERSONAL NAME | |
| Personal name | Bosque, Joaquin |
| 700 1# - ADDED ENTRY--PERSONAL NAME | |
| Personal name | Linz, Juan J, |
| 700 1# - ADDED ENTRY--PERSONAL NAME | |
| Personal name | Kade |
| 942 ## - ADDED ENTRY ELEMENTS (KOHA) | |
| Koha item type | |
| Withdrawn status | Lost status | Damaged status | Not for loan | Home library | Current library | Shelving location | Date acquired | Total checkouts | Full call number | Barcode | Date last seen | Price effective from | Koha item type |
|---|---|---|---|---|---|---|---|---|---|---|---|---|---|
| Biblioteca Prof. Eusebio Cleto del Rey | Biblioteca Prof. Eusebio Cleto del Rey | 07/04/2026 | 338 E82 v.1 | L58101 | 07/04/2026 | 07/04/2026 | Libro | ||||||
| Biblioteca Prof. Eusebio Cleto del Rey | Biblioteca Prof. Eusebio Cleto del Rey | 07/04/2026 | 338 E82 v.2 | L58102 | 07/04/2026 | 07/04/2026 | Libro | ||||||
| Biblioteca Prof. Eusebio Cleto del Rey | Biblioteca Prof. Eusebio Cleto del Rey | 07/04/2026 | 338 E82 v.3 | L58103 | 07/04/2026 | 07/04/2026 | Libro |